00399 2200157 4500001002100000005001500021008004100036020002200077035001900099041000700118082001000125090001600135100004400151245001100195260003500206INLIS00000000002066220241224130900241224||||||||| | ||| |||| || |  a978-979-002-642-1 0010-1224020662 aid0 a633.5 a633.5 HES p0 aHesti Dwi Setyaningrum, Cahyo Saparinto00aGaharu aJakartabPenebar Swadayac2014